000 01467nam a2200361 a 4500
001 ebr10070701
003 CaPaEBR
006 m u
007 cr cn|||||||||
008 001206r20022000enka sb 001 0 eng
015 _aGBA1-538
016 7 _a0415212685
_2Uk
020 _z0415212685
020 _z0203207114(e-book)
040 _aCaPaEBR
_cCaPaEBR
035 _a(OCoLC)70750673
050 1 4 _aHD2961
_b.P83 2002eb
082 0 4 _a338.87
_221
245 0 0 _aPublic private partnerships
_h[electronic resource] :
_btheory and practice in international perspective /
_cedited by Stephen P. Osborne.
260 _aLondon :
_bRoutledge,
_c2002.
300 _axviii, 348 p. :
_bill.
490 1 _aRoutledge advances in management and business studies ;
_v19
504 _aIncludes bibliographical references and index.
533 _aElectronic reproduction.
_bPalo Alto, Calif. :
_cebrary,
_d2009.
_nAvailable via World Wide Web.
_nAccess may be limited to ebrary affiliated libraries.
650 0 _aPublic-private sector cooperation
_vCase studies.
650 0 _aPartnership
_vCase studies.
650 0 _aMixed economy
_vCase studies.
655 7 _aElectronic books.
_2local
700 1 _aOsborne, Stephen P.
710 2 _aebrary, Inc.
830 0 _aRoutledge advances in management and business studies ;
_v19.
856 4 0 _uhttp://site.ebrary.com/lib/rucke/Doc?id=10070701
_zAn electronic book accessible through the World Wide Web; click to view
999 _c43208
_d43208